000 00399nam a22001697a 4500
003 MPLRDC
005 20220104142529.0
008 210129b ||||| |||| 00| 0 eng d
082 _a868.71 MS-9
100 _a孟沙
245 _a愚人
_c
260 _a
_b人和文化出版社
_c1975
300 _b
490 _a人和文艺丛书. 2
650 _a马华文学
942 _cBK
_o868.71 MS-9
999 _c31625
_d31615